000 00678nam a2200289Ia 4500
005 20260324142447.0
008 008 260324s9999 xx 000 0 eng d
020 _a9781003115267
037 _aEBOOK
040 _aCRL
040 _beng
040 _cCRL
041 _2eng
041 _aeng
084 _qCRL
100 _aAnn McGrath
_91212021
245 0 _aContested Ground
245 0 _bAustralian Aborigines under the British Crown
260 _bTaylor and Francis
260 _c1995
365 _a
365 _b230
856 _uhttp://www.taylorfrancis.com/books/9781003115267
942 _cEBOOK
999 _c1816241
_d1816241